00877nam a2200193 a 450000100100000000500170001000800410002704000250006808200160009311000720010924501240018126000370030530000200034249000310036283000390039395201140043295201200054699900170066600002946120200930055551.0110415s1996 dr r 000 0 spa d aDO-SdBNPbspacBNPHU axxxbC3978e2 aCentro Nacional de Investigaciones en Salud Materno Infantil95575710aEstudio nacional sobre resistencia a las drogas antituberculosas en República Dominicana /ceditor Marcos A. Espinal. aSanto Domingo :bCENISMI,c1996. a28 p. ;ccm 28.1 aPublicaciones Ténicasv4 0aPublicaciones Técnicasn4956330 0010718PDaPDbPDcHDd2011-04-15iLF1l0oxxx C3978ep29461-10r2020-06-25w2020-06-25yLFPDZNo se presta 0011718PDaPDbPDcMId2011-04-28iLF1l0oxxx C3978ep29461-20r2020-06-25te. 2w2020-06-25yLFPDZNo se presta c28953d28953